000 00566cam a2200145 4500500
005 20251012032549.0
041 _afre
042 _adc
100 1 0 _aTrémolières, François
_eauthor
245 0 0 _aBarbara CASSIN dir., Vocabulaire européen des Philosophies. Dictionnaire des intraduisibles, éditions du Seuil et Dictionnaires Le Robert, 2004, 1534 pages.
260 _c2005.
500 _a7
786 0 _nSigila | 15 | 1 | 2005-06-20 | p. 227-229 | 1286-1715
856 4 1 _uhttps://shs.cairn.info/revue-sigila-2005-1-page-227?lang=fr&redirect-ssocas=7080
999 _c1547632
_d1547632